000 01087nam a22002897a 4500
001 9519
003 FISKH
005 20260116151230.0
008 260116b cb ||||| |||| 00| 0 eng d
020 _a9788956353166
040 _aFISKH
_beng
_cFISKH
_dFISKH
050 _aPZ7
082 _a398.2
100 _aFable, Aesop
_eAuthor
245 _aThe hare and the tortoise /
_cAesop Fable ; series editors : Ian Bosiak, Michelle Park
260 _aSeoul :
_bXACT ,
_c2009
300 _a18 pages :
_bcolor illustrations ;
_c20 cm
490 _aMy first classic readers :
_vLevel 1
505 _aG
520 _aThe Hare and the Tortoise tells the story of a fast hare who mocks a slow tortoise and challenges him to a race. Confident he will win, the hare stops to rest, while the tortoise keeps moving steadily and wins the race. The story teaches that slow and steady effort leads to success.
521 8 _a350
_bLexile estimate
521 8 _aG
_bRaz-Plus
650 _aHare
_vTortoise
650 _aRace
_vYoung English readers
942 _2ddc
_cBK
_n0
999 _c9519
_d9519